03002nam a22002657a 4500008004100000020001800041040000800059041000800067050002700075100004100102245004900143260004400192300002500236490002200261520106400283520106701347650003602414650004702450650004202497655004102539655004002580942000802620952009302628999001502721251112b |||||||| |||| 00| 0 eng d a9788411070843 ctbs aspa aPQ6653 b.E62C37 2022  aCercas, Javierd1962-925458eauthor aEl castillo de Barbazul : c/ Javier Cercas. aBarcelona : bTusquets Editores,c2022. a397 pages ; c23 cm. aTerra Altavbk. 3 aAños después de lo ocurrido en Independencia, Melchor Marín ya no es policía: trabaja como bibliotecario y vive con su hija Cosette, convertida en una adolescente. Un día, Cosette descubre que su padre le ha ocultado cómo murió su madre, y este hecho la confunde y la subleva. Poco después parte de vacaciones a Mallorca, pero no regresa; tampoco contesta los mensajes ni las llamadas de Melchor, quien, convencido de que algo malo ha ocurrido, decide plantarse en la isla en busca de ella. A partir de aquí la novela se adentra en un laberinto absorbente, a la vez siniestro y luminoso, donde Melchor descubre que los seres humanos somos capaces de lo peor, pero también de lo mejor: que vivimos rodeados de violencia, mentiras, abusos de poder y cobardía, pero que también hay gente capaz de jugárselo todo por una causa justa. Astuta y felizmente disfrazada de novela de aventuras, El castillo de Barbazul acaba de desenmascarar las novelas de la Terra Alta como lo que son: el proyecto literario más ambicioso de Javier Cercas. aYears after the events of Independencia, Melchor Marín is no longer a police officer. He now works as a librarian and lives with his daughter, Cosette, who has become a teenager. One day, Cosette discovers that her father has hidden the truth about how her mother died—a revelation that confuses and enrages her. Shortly afterward, she leaves for a vacation in Mallorca but never returns; she doesn’t answer Melchor’s calls or messages. Convinced that something terrible has happened, he sets out for the island to find her. From there, the novel plunges into a gripping labyrinth—both dark and full of light—where Melchor discovers that human beings are capable of the worst, but also of the very best: that we live surrounded by violence, lies, abuses of power, and cowardice, yet there are still people willing to risk everything for a just cause. Cleverly and delightfully disguised as an adventure novel, The Bluebeard’s Castle ultimately reveals the Terra Alta series for what it truly is: Javier Cercas’s most ambitious literary project. 0aMissing personsvFiction924148 0aEx-police officerszSpain vFiction926497 0aFathers and daughtersvFiction922885 0aDetective and mystery fiction923664 0aAction and adventure fiction922721 2lcc 00102lcc4070aTBSbTBSd2025-11-12l0oP-SP CERpB05657r2025-11-12t1w2025-11-12y1 c5177d5177